| 000 | 00469nam a22001457a 4500 | ||
|---|---|---|---|
| 008 | 160114b xxu||||| |||| 00| 0 eng d | ||
| 020 | _a9966443738 | ||
| 050 | _aHF 5415.12 .K53 2009 | ||
| 100 |
_aKibera,Francis N. _d2009 |
||
| 245 |
_aFundamentals of marketing: _ban African perspective/ |
||
| 260 |
_aKenya: _bKenya literature Bureau, _c2009 |
||
| 300 | _axiv,259p. | ||
| 700 | _aWaruingi,B Chege. | ||
| 942 |
_2lcc _cBOOKS _hHF 5415.12 .K53 2009 _08 |
||
| 999 |
_c11012 _d11012 |
||